000 01425nam a2200325 a 4500
001 ebr10506367
003 CaPaEBR
006 m u
007 cr cn|||||||||
008 111215s2011 dcuad sb 101 0 eng d
010 _z 2001922546
020 _z9781607507215 (print)
020 _z9781607507222 (e-book)
040 _aCaPaEBR
_cCaPaEBR
035 _a(OCoLC)756484732
050 1 4 _aTK6570.I34
_bR45 2011eb
111 2 _aRFIDsec'11
_d(2011 :
_cWuxi, China)
245 1 0 _aRadio frequency identification system security
_h[electronic resource] :
_bRFIDsec'11 Asia Workshop proceedings /
_cedited by Tieyan Li ... [et al.].
260 _aWashington, D.C. :
_bIOS Press,
_c2011.
300 _axii, 157 p. :
_bill.
490 1 _aCryptology and information security series,
_x1871-6431 ;
_vv. 6
504 _aIncludes bibliographical references and indexes.
533 _aElectronic reproduction.
_bPalo Alto, Calif. :
_cebrary,
_d2013.
_nAvailable via World Wide Web.
_nAccess may be limited to ebrary affiliated libraries.
650 0 _aRadio frequency identification systems
_xSecurity measures
_vCongresses.
655 7 _aElectronic books.
_2local
700 1 _aLi, Tieyan.
710 2 _aebrary, Inc.
830 0 _aCryptology and information security series ;
_vv. 6.
856 4 0 _uhttp://site.ebrary.com/lib/rucke/Doc?id=10506367
_zAn electronic book accessible through the World Wide Web; click to view
999 _c117191
_d117191